000 00552nam a2200169Ia 4500
008 140609s9999 xx 000 0 und d
020 _a9789711011109
050 _aDS 665 
_b.Se462 2004
100 _aSeitz, Stefan.
245 4 _aThe Aeta at the mt. pinatubo, Philippines :
_ba minority group coping with disaster /
_cStefan Seitz,
260 _aQuezon, Philippines :
_bNew Day Publishers,
_cc2004.
300 _a313 p. :
_bill. ;
_c23 cm.
500 _aIncludes bibliographical references
521 _aGE
942 _kLOC
_cBK
999 _c118253
_d118253